Регионална библиотека "Любен Каравелов" - Русе

Съвети за добрия програмен директор във вътрешния туризъм | Hints for Successful Program Directors in Local Tourism (Запис номер 113378)

MARC детайли
000 -Лидер
Контролно поле с фиксирана дължина 01936nam a2200397 c 4500
003 - Код на организацията, давaща контролен номер
Контролно поле BLK
005 - Дата и час на последна редакция
Контролно поле 20220407163328.0
008 - Елементи от данни с фиксирана дължина
fixed length control field 180409b bul|||||r ||||||| ||bul||
010 ## - Наследен системен номер
LC control number KNG00118779000
040 ## - Източник на каталожния запис
Идентификатор на билиотеката - собственик на записа BLK
041 ## - Код за език
Код за езика на текст/звукозапис или на отделно заглавие Български
Код за езика КДБФ Български
Други езици Английски
072 #7 - Код за тематичната категория
Код организация bullib
Код за тематична категория Н33
Текст Икономика Н
072 #7 - Код за тематичната категория
Код организация bullib
Код за тематична категория К
Текст Краезнание
080 ## - УДК
Текстов определител УДК Туризмът от стопанско гледище. Политика по отношение на туризма. Икономика и организация на туризма. Вътрешен и международен туризъм. Вж и 379.8
УДК код - определител по УДК 338.48
УДК определител (035)
УДК - код + определител 338.48(035)
139 ## - Редно поле
Редна дума Парашкевова, Миглена
Авторски знак Пар - П 22
245 10 - Сведения за заглавието
Заглавие Съвети за добрия програмен директор във вътрешния туризъм
Подзаглавни данни Ръководство
Редно поле (дума) състав. Миглена Парашкевова.
245 10 - Сведения за заглавието
Заглавие Hints for Successful Program Directors in Local Tourism
Редно поле (дума) Miglena Parashkevova
257 ## - Страна на издаване
Страна на създаване/издаване България
260 ## - Област на издателските данни
Година на издаване 2005
Печатница Русе : Русе прес
300 ## - Физическа характеристика
Страници 33, 31 с.
Размери/Мащаб 22 см
380 ## - Жанр
Жанр Обществени науки
500 ## - Общи забележки
Забележка Изд. на United Nations Development Programme (UNDP). - Парал. текст на англ. ез. - Втората кн. отпечатана на обратната страна на кн. и има самостоятелни загл. с. и паг. - Библиогр. с. 32, 30.
650 #4 - Допълнително описание по предмет – тема
Основно описание – тема или топоним Туризъм - наръчници и ръководства
9 (RLIN) 305607
651 #4 - Допълнително описание по предмет - топоним
Географско понятие България
9 (RLIN) 241624
651 #4 - Допълнително описание по предмет - топоним
Географско понятие Русе
9 (RLIN) 179462
653 ## - Ключова дума – ненормативна
Ключова дума туризъм
653 ## - Ключова дума – ненормативна
Ключова дума ръководства
659 ## - Тематичен бюлетин
Тематичен бюлетин К
659 ## - Тематичен бюлетин
Тематичен бюлетин Н
700 1# - Други автори (авторска отговорност)
Лично име Парашкевова, Миглена
Автороска отговорност (Описва отношението между автора и произведението) състав.
9 (RLIN) 312876
852 ## - Местоположение
Форматна сигнатура Цб 255478
852 ## - Местоположение
Форматна сигнатура К 338.4/П 22 М
856 4# - Електронен адрес и достъп
Електронен формат pdf - файл
856 4# - Електронен адрес и достъп
Електронен формат pdf - файл
999 ## - СИСТЕМНИ КОНТРОЛНИ НОМЕРА
Koha biblionumber 113378
Koha biblioitemnumber 113378
942 ## - АРТИКУЛИ
Вид на библиотечния материал Книги
Скрит в OPAC Не
Периодичен библиозапис Да
Koha issues (borrowed), all copies 1
944 ## - СЪЗДАВАНЕ И РЕДАКЦИЯ на ЗАПИСА
Създаване/Редакция Създаване
Дата на регистрацията/редакция 19.06.2012
Статус, дата на статуса ф /
Служител, извършил регистрацията/редакцията Валя_Йорданова
944 ## - СЪЗДАВАНЕ И РЕДАКЦИЯ на ЗАПИСА
Създаване/Редакция Редакция
Дата на регистрацията/редакция 27.05.2014
Статус, дата на статуса ф /
999 ## - СИСТЕМНИ КОНТРОЛНИ НОМЕРА
Koha biblioitemnumber 113378
Наличности
Код за отписване Код за изгубен артикул Код за повреда Коз за рестрикции Код за отдаване Артикулен № Име на библиотеката - собственик Име на библиотеката, в която се намира в момента Статус (Текущо местоположение) Дата на вписване в системата Местоположение - отдел Цена в лева Инвентарен номер Систематично азбучна сигнатура Баркод Номер на екземпляра Цена в евро Служебна бележка Служебен тип на артикула Източник на класификационната схема
  Не е изгубен Не е повреден без рестрикции заемане за дома 181652 Регионална библиотека "Любен Каравелов" Русе Регионална библиотека "Любен Каравелов" Русе Заемна - подръчен фонд 2012-06-18 Заемна - подръчен фонд 10.00 120000758401 П 338.4/П 22 120000758401 1 5.11 Дост: DA Вид: А N: 11 Дата: 18.06.2012 Дата инв: 05.02.2018 Бележки инв: П2018 Книги  
  Не е изгубен Не е повреден без рестрикции заемане за дома 181653 Регионална библиотека "Любен Каравелов" Русе Регионална библиотека "Любен Каравелов" Русе Заемна - подръчен фонд 2012-06-18 Заемна - подръчен фонд 10.00 120000758402 П 338.4/П 22 120000758402 2 5.11 Дост: DA Вид: А N: 11 Дата: 18.06.2012 Дата инв: 05.02.2018 Бележки инв: П2018 Книги  
  Не е изгубен Не е повреден без рестрикции ползва се в читалня 181654 Регионална библиотека "Любен Каравелов" Русе Регионална библиотека "Любен Каравелов" Русе Хранилище 2012-06-18 Основен фонд - ползва се само за читалня 10.00 120000758403 Цб 255478 120000758403 3 5.11 Дост: DA Вид: А N: 11 Дата: 18.06.2012 Книги  
  Не е изгубен Не е повреден без рестрикции ползва се в читалня 181655 Регионална библиотека "Любен Каравелов" Русе Регионална библиотека "Любен Каравелов" Русе Краезнание 2012-06-18 Краезнание 10.00 120000758404 К 338.4/П 22 М 120000758404 4 5.11 Дост: DA Вид: А N: 11 Дата: 18.06.2012 Дата инв: 09.11.2017 Бележки инв: К2017 Книги Universal Decimal Classification
Vip Innovations Ltd, Rousse, Bulgaria 2025